000 00926cam a2200301M 4500
001 ocn867824771
003 OCoLC
005 20241220164317.0
008 130725s2014 xx 000 0 eng d
040 _aCKE
_beng
_cCKE
_dAZT
_dUINTA
020 _a9780385373845 : PAP
020 _a0385373848 : PAP
020 _a9780375972041 (hbk.)
020 _a0375972048 (hbk.)
035 _a(OCoLC)867824771
037 _bRandom House Childrens Books, Attn Order Entry 400 Hahn rd, Westminister, MD, USA, 21157
_nSAN 201-3975
050 4 _aPZ
082 4 _a[E]
049 _aUCLB
100 1 _aAwdry, W.
245 1 4 _aThe Rocket Returns Step into Reading Book.
260 _bRandom House Childrens Books
_c2014.
300 _a32 p. ;
490 0 _aStep into reading, 2, reading with help
650 0 _aReaders / Beginner.
_95903867
650 0 _aTransportation / Railroads & Trains.
_96534581
994 _aC0
_bUINTA
999 _c202028
_d202028